000 00376nam a2200157Ia 4500
999 _c2126
_d2126
003 MAJU-Karachi
005 20221224190227.0
008 190802s9999 xx 000 0 und d
020 _a978-3-319-43912-9
040 _c0
100 _aArslanian Henri
245 0 _aEntrepreneurship in Finance
260 _aUSA
_bMcGraw Hill
_c2016
300 _a261:P
942 _cBK
_2ddc